[Event "Indonesia Open 2013"]
[Site "Jakarta INA"]
[Date "2013.10.14"]
[Round "7.20"]
[White "Medina,W"]
[Black "Hossain,Enam"]
[Result "1/2-1/2"]
[WhiteElo "2319"]
[BlackElo "2445"]

1.e4 d6 2.d4 Nf6 3.Nc3 e5 4.dxe5 dxe5 5.Qxd8+ Kxd8 6.Bg5 Be6 7.O-O-O+ Nd7
8.f4 exf4 9.Nf3 h6 10.Bxf4 g5 11.Bg3 Nh5 12.Be5 f6 13.Bd4 c6 14.Be2 Kc7 15.g3 Be7
16.a3 a5 17.Rhe1 b5 18.Bg1 Ng7 19.Nd4 Ne5 20.a4 b4 21.Nb1 Bf7 22.Nd2 g4 23.Nf1 Bg6
24.Ne3 h5 25.Nef5 Bxf5 26.Nxf5 Nxf5 27.exf5 h4 28.Bf2 hxg3 29.Bxg3 Bd6 30.Bxg4 Rag8
31.h3 Rg7 32.Re4 c5 33.b3 Kc6 34.Bxe5 Bxe5 35.Rd3  1/2-1/2

[Event "TCh-Belgrade Premier liga 2013"]
[Site "Belgrade SRB"]
[Date "2013.10.15"]
[Round "4.6"]
[White "Cerovic,D"]
[Black "Vlatkovic,S"]
[Result "1-0"]
[WhiteElo "2349"]
[BlackElo "2314"]

1.e4 d6 2.d4 Nf6 3.Nc3 e5 4.Nf3 Nbd7 5.Rg1 g6 6.g4 Bg7 7.g5 Nh5 8.Be3 c6
9.Qd2 O-O 10.O-O-O Qe7 11.Be2 Nb6 12.Nh4 d5 13.exd5 cxd5 14.dxe5 Bxe5 15.Nf3 Bg7
16.Bd4 Bf5 17.Nh4 Be6 18.Bxh5 Nc4 19.Qe2 Nxb2 20.Bxg7 Qa3 21.Nb1 Nd3+ 22.Kd2 Qb4+
23.Bc3 Qxh4 24.cxd3 d4 25.Bb4 Qf4+ 26.Kc2 Rfc8+ 27.Kb2 gxh5 28.Qd2 Qf5 29.Rc1 Qd5
30.Ka1 a5 31.Be7 b5 32.Qb2 b4 33.Nd2  1-0

[Event "Xtracon GM 2013"]
[Site "Koge DEN"]
[Date "2013.10.15"]
[Round "2.25"]
[White "Kristensen,Benny"]
[Black "Kokholm,D"]
[Result "0-1"]
[WhiteElo "1879"]
[BlackElo "1905"]

1.d4 d6 2.e4 Nf6 3.Nc3 Nbd7 4.Nf3 e5 5.d5 Be7 6.Bd3 c6 7.O-O h6 8.h3 g5 9.g4 Nf8
10.b4 Ng6 11.dxc6 bxc6 12.b5 c5 13.Nd5 Nxd5 14.exd5 Nf4 15.Bxf4 gxf4 16.Bf5 h5
17.Bxc8 Qxc8 18.Nh2 hxg4 19.Qxg4 Rxh3 20.Qg8+ Bf8 21.Ng4 Qf5 22.Kg2 Rh5 23.f3 Qxc2+
24.Rf2 Qf5  0-1

[Event "Xtracon GM 2013"]
[Site "Koge DEN"]
[Date "2013.10.15"]
[Round "2.28"]
[White "Ozkan,Salih"]
[Black "Wang,Peter"]
[Result "1/2-1/2"]
[WhiteElo "1797"]
[BlackElo "1941"]

1.e4 d6 2.d4 Nf6 3.Nc3 e5 4.dxe5 dxe5 5.Qxd8+ Kxd8 6.Bg5 Be6 7.O-O-O+ Kc8
8.Nf3 Nbd7 9.h3 c6 10.g4 h5 11.gxh5 Rxh5 12.Be3 Ng4 13.Be2 Nxe3 14.fxe3 Bc5
15.Kd2 Kc7 16.Nd4 Rh6 17.Nxe6+ Rxe6 18.Bc4 Rd6+ 19.Ke2 Rf8 20.Rhf1 Nf6 21.Rf5 Rxd1
22.Nxd1 b5 23.Bb3 Bd6 24.Nf2 Kd7 25.Ng4 Nxe4 26.Nxe5+ Bxe5 27.Rxe5 Nd6 28.Rg5 g6
29.Kf3 Re8 30.c3 Re7 31.Rg4  1/2-1/2

[Event "35th Arco Open 2013"]
[Site "Arco ITA"]
[Date "2013.10.16"]
[Round "5.8"]
[White "Dittmar,P"]
[Black "Ager,J"]
[Result "1/2-1/2"]
[WhiteElo "2323"]
[BlackElo "2168"]

1.d4 d6 2.e4 Nf6 3.Nc3 e5 4.dxe5 dxe5 5.Qxd8+ Kxd8 6.Bc4 Ke8 7.Nf3 Nbd7 8.Bg5 c6
9.O-O Bd6 10.Rad1 Bc7 11.Rfe1 h6 12.Bh4 g5 13.Bg3 Nh5 14.Nd2 Nc5 15.Nf1 Ne6
16.Ne3 Nxg3 17.hxg3 Nd4 18.Ne2 b5 19.Bd3 Be6 20.Nc1 Bd7 21.c3 Ne6 22.Bc2 Rd8
23.Nd3 Ke7 24.a4 a6 25.Ra1 h5 26.Red1 Kf6 27.axb5 axb5 28.Nb4 Bb8 29.Ra8 Nc5
30.Na6 Nxa6 31.Rxa6 Ke7 32.Bb3 f6 33.c4 bxc4 34.Ba4 Rc8 35.Nxc4 Rc7 36.Na5 Rhc8
37.Rc1 Kd6 38.Nc4+ Ke7 39.Nb6 Rd8 40.Nxd7 Rdxd7 41.Rcxc6 Rxc6 42.Rxc6 Rc7
43.Rxc7+ Bxc7 44.Bd1 h4 45.gxh4 gxh4 46.Kh2 Bb6 47.f3 Be3 48.Kh3 Bg5 49.Kg4 Kd6
50.b4 Bd2 51.b5 Bg5 52.Kf5 Kc5 53.Be2 Kb6 54.Ke6 Kc5 55.Bf1 Kb6 56.f4 Bxf4
57.Kxf6  1/2-1/2

[Event "35th Arco Open 2013"]
[Site "Arco ITA"]
[Date "2013.10.16"]
[Round "5.3"]
[White "De Eccher,S"]
[Black "Schnitzspan,L"]
[Result "1/2-1/2"]
[WhiteElo "2239"]
[BlackElo "2324"]

1.e4 d6 2.d4 Nf6 3.Nc3 e5 4.Nf3 exd4 5.Nxd4 Be7 6.Bc4 O-O 7.O-O Nxe4 8.Nxe4 d5
9.Bd3 dxe4 10.Bxe4 Re8 11.Bf3 c6 12.Re1 Bf6 13.Rxe8+ Qxe8 14.Be3 Nd7 15.c3 Ne5
16.Be2 a6 17.Nf3 Be6 18.Nxe5 Bxe5 19.Bb6 Qe7 20.Qd2 Re8 21.Bf1 Bd5 22.c4 Be6
23.f4 Bf6 24.Re1 g6 25.Qf2 Qb4 26.b3 Qd6 27.f5 gxf5 28.Re3 Kh8 29.Rd3 Qf8
30.Bc5 Qh6 31.Rh3 Qg5 32.Bd4 Rd8 33.Rd3 Bxd4 34.Rxd4 Qf6 35.Rxd8+ Qxd8 36.Qb2+ f6
37.g3 Kg7 38.Qc3 c5 39.Kf2 Qd6 40.Qe3 b6 41.Bd3 Qe5 42.Be2 Kg6 43.Qd3 Bf7
44.Qd7 Qe6 45.Qxe6 Bxe6 46.Ke3 Bd7 47.Kf4 a5  1/2-1/2

[Event "51st ch-IND B 2013"]
[Site "Bhopal IND"]
[Date "2013.10.16"]
[Round "6.2"]
[White "Konguvel,P"]
[Black "Sethuraman,S"]
[Result "1/2-1/2"]
[WhiteElo "2366"]
[BlackElo "2566"]

1.e4 d6 2.d4 Nf6 3.Nc3 e5 4.Nf3 exd4 5.Nxd4 Be7 6.Bf4 O-O 7.Qd2 c6 8.O-O-O b5
9.f3 b4 10.Nce2 c5 11.Nf5 Bxf5 12.exf5 d5 13.g4 d4 14.g5 Nd5 15.f6 Bd6 16.Bxd6 Qxd6
17.Ng3 Nc6 18.Nf5 Qe5 19.Bd3 c4 20.fxg7 Rfc8 21.Nh6+ Kxg7 22.Bxc4 Ne3 23.Ng4 Qf4
24.Kb1 Rd8 25.Nf6 Qh4 26.Bb5 Ne5 27.Qe2 Ng6 28.Rdg1 Rac8 29.Bd3 Nf4 30.Qd2 Nxd3
31.Qxd3 Rxc2 32.Ng4 Rcc8 33.Nxe3 dxe3 34.Qxe3 Qd4 35.Qxd4+ Rxd4 36.Rd1 Rf4
37.Rd3 Re8 38.h4 Re2 39.h5 Rg2 40.Rd6 h6 41.Rxh6 Rxg5 42.Ra6 Rxf3  1/2-1/2

[Event "Indonesia Open 2013"]
[Site "Jakarta INA"]
[Date "2013.10.16"]
[Round "9.51"]
[White "Tamin,U"]
[Black "Purba,C"]
[Result "0-1"]
[WhiteElo "2151"]
[BlackElo "2193"]

1.e4 d6 2.d4 Nf6 3.Nc3 c6 4.f4 Qa5 5.Bd3 e5 6.Nf3 Nbd7 7.a3 Be7 8.b4 Qc7
9.O-O Ng4 10.Kh1 Bf6 11.dxe5 dxe5 12.f5 h5 13.Qe2 a6 14.Nd1 Be7 15.Bc4 b5
16.Ba2 a5 17.c4 axb4 18.axb4 bxc4 19.Qxc4 O-O 20.b5 Nc5 21.Qc2 Bb7 22.h3 Nf6
23.Bb2 Nfxe4 24.Bxe5 Bd6 25.b6 Qb8 26.Bxd6 Qxd6 27.Re1 Ng3+ 28.Kg1 Nd3 29.Nf2 Nxe1
30.Rxe1 c5 31.Nh4 Rfe8 32.Rd1 Qf6 33.Nf3 Re2 34.Nd2 Qd4  0-1

[Event "TCh-Belgrade Premier liga 2013"]
[Site "Belgrade SRB"]
[Date "2013.10.18"]
[Round "7.2"]
[White "Tosic,S"]
[Black "Vlatkovic,S"]
[Result "1-0"]
[WhiteElo "2390"]
[BlackElo "2314"]

1.e4 d6 2.d4 Nf6 3.Nc3 e5 4.Nf3 Nbd7 5.Bc4 Be7 6.O-O O-O 7.Qe2 c6 8.Rd1 Qa5
9.Bd2 Qc7 10.a4 Nb6 11.Ba2 Bg4 12.dxe5 dxe5 13.h3 Bh5 14.g4 Bg6 15.Nh4 a5
16.Nf5 Bb4 17.Bb3 Nbd7 18.Bg5 Nc5 19.f3 Nxb3 20.cxb3 Bxf5 21.gxf5 Be7 22.Be3 Nh5
23.Qf2 h6 24.Bb6 Qc8 25.Ne2 g6 26.Qg2 Kh8 27.Qh2 Bf6 28.fxg6 Rg8 29.Kh1 Rxg6
30.Rd6 Kh7 31.Rad1 Nf4 32.Nxf4 exf4 33.Rd7 Be5 34.Rxf7+ Kg8 35.Rf5 Qe6 36.Rg1 Rxg1+
37.Qxg1+ Kh7 38.Qc5 Re8 39.Qc4 Kg6 40.Qxe6+ Rxe6 41.Bxa5 Bxb2 42.Bc7 Re7
43.Bxf4 Rd7 44.Kg2 Rd3 45.b4 Ra3 46.Ra5 Ra2 47.Kg3 Bc3 48.Bd6 Rd2 49.Bf8 b6
50.Rf5 Ra2 51.h4 Rxa4 52.h5+ Kh7 53.e5 Be1+ 54.Kh3 Bxb4 55.Bxb4 Rxb4 56.e6 Rb3
57.e7  1-0

[Event "3rd Central Asia Cup"]
[Site "Dushanbe TJK"]
[Date "2013.10.18"]
[Round "7.8"]
[White "Gevorgyan,I"]
[Black "Khouseinov,R"]
[Result "1/2-1/2"]
[WhiteElo "2168"]
[BlackElo "2274"]

1.e4 d6 2.d4 Nf6 3.Nc3 e5 4.Nf3 Nbd7 5.Bc4 Be7 6.O-O O-O 7.Re1 a6 8.a4 b6
9.b3 c6 10.Bb2 Bb7 11.d5 cxd5 12.Nxd5 Nc5 13.Nxf6+ Bxf6 14.Bd5 Ra7 15.Bxb7 Rxb7
16.Qd5 Qb8 17.Ba3 Rc7 18.Bxc5 Rxc5 19.Qd3 b5 20.axb5 axb5 21.Ra2 Rfc8 22.Rd1 h6
23.h3 Qb7  1/2-1/2

[Event "17th Unive Open 2013"]
[Site "Hoogeveen NED"]
[Date "2013.10.18"]
[Round "1.22"]
[White "Slingerland,C"]
[Black "Hopman,P"]
[Result "0-1"]
[WhiteElo "2084"]
[BlackElo "2338"]

1.e4 d6 2.d4 Nf6 3.Nc3 e5 4.f4 Nbd7 5.Nf3 c6 6.Bd3 Qc7 7.a4 Be7 8.Be3 Ng4
9.Bg1 exf4 10.Qe2 Nf8 11.h3 Nf6 12.Bh2 Nh5 13.O-O g6 14.a5 a6 15.Bc4 Ne6
16.d5 Neg7 17.dxc6 bxc6 18.Nd2 O-O 19.Bb3 Ne6 20.Nf3 Bf6 21.Kh1 Re8 22.Qc4 Nc5
23.Nd4 Be6 24.Nxe6 Nxe6 25.Rad1 Be5 26.Ne2 Rf8 27.c3 c5 28.Qa4 Rab8 29.Qa2 Qe7
30.Bc4 Ra8 31.Bd5 Ra7 32.b4 g5 33.Rb1 Nf6 34.Bg1 Kh8 35.Qc4 Nd7 36.Nc1 g4
37.Qd3 f3 38.gxf3 Nf4 39.Qe3 g3 40.Rb2 Qh4  0-1

[Event "Xtracon GM 2013"]
[Site "Koge DEN"]
[Date "2013.10.18"]
[Round "5.31"]
[White "Petersen,Henry"]
[Black "Wang,Peter"]
[Result "0-1"]
[WhiteElo "1405"]
[BlackElo "1941"]

1.e4 d6 2.d4 Nf6 3.Nc3 Nbd7 4.Nf3 e5 5.dxe5 dxe5 6.Bc4 Be7 7.O-O O-O 8.Re1 c6
9.Bg5 Qc7 10.Bxf6 Bxf6 11.Qe2 a5 12.a4 Nc5 13.h3 Bd7 14.Qe3 b6 15.Ne2 Be6
16.Bxe6 Nxe6 17.c3 Rad8 18.Nh2 Rd7 19.Ng4 Bg5 20.Qg3 f6 21.h4 Bf4 22.Nxf4 Nxf4
23.Nh6+ Kh8 24.Nf5 Rfd8 25.Qe3 Rd3 26.Qc1 Rd2 27.Nd4 R8xd4 28.cxd4 Rxf2 29.Kh1 exd4
30.Rg1 Ne2 31.Qe1 Ng3+ 32.Kh2 Nf1+  0-1

[Event "SPICE Cup Open 2013"]
[Site "St Louis USA"]
[Date "2013.10.18"]
[Round "6.3"]
[White "Ruiz C,J"]
[Black "Yermolinsky,A"]
[Result "0-1"]
[WhiteElo "2399"]
[BlackElo "2516"]

1.e4 d6 2.d4 Nf6 3.Nc3 c6 4.a4 Nbd7 5.g4 h6 6.h3 e5 7.Nge2 Be7 8.Bg2 O-O
9.O-O Re8 10.Be3 Nf8 11.f4 exd4 12.Nxd4 Ng6 13.Nf5 Bf8 14.Qd2 Bxf5 15.exf5 Nh4
16.Bh1 d5 17.Bf2 Nd7 18.Rae1 Rxe1 19.Rxe1 Bc5 20.Bxc5 Nxc5 21.Qf2 Nd7 22.Qd4 h5
23.Re2 hxg4 24.hxg4 Nf6 25.g5 Nxf5 26.Qe5 Qb6+ 27.Kg2 Nh4+ 28.Kf1 Ng4 29.Qe7 Nf5  0-1

[Event "Aurora Fall Open 2013"]
[Site "Aurora CAN"]
[Date "2013.10.19"]
[Round "1.6"]
[White "Nicholson,Matthew"]
[Black "Chernik,Dmitry"]
[Result "1-0"]
[WhiteElo "2040"]
[BlackElo "1945"]

1.e4 d6 2.d4 Nf6 3.Nc3 e5 4.Nf3 Nbd7 5.Bc4 Be7 6.O-O O-O 7.Re1 c6 8.a4 a5
9.h3 h6 10.Ba2 Qc7 11.Nh4 exd4 12.Nf5 Nc5 13.Nxe7+ Qxe7 14.Qxd4 Be6 15.Bf4 Rfd8
16.Nd5 cxd5 17.exd5 Qd7 18.dxe6 Nxe6 19.Bxe6 fxe6 20.Bxh6 e5 21.Qh4 Kf7 22.Bg5 Rh8
23.Qc4+ Kg6 24.Bxf6 gxf6 25.Ra3 f5 26.Qd5 Qe7 27.Rd1 Ra6 28.Rdd3 Qf7 29.Rg3+ Kf6
30.Qd2 Rc6 31.Rad3 Ke6 32.Qxa5 Kf6 33.Qd2 Ke6 34.b4 f4 35.Rg4 Rd8 36.Rd5 Qf5
37.Rb5 d5 38.Qd3 Rxc2 39.Rg6+  1-0

[Event "Aurora Fall Open 2013"]
[Site "Aurora CAN"]
[Date "2013.10.19"]
[Round "3.10"]
[White "Noritsyn,Sergey"]
[Black "Chernik,Dmitry"]
[Result "1-0"]
[WhiteElo "1797"]
[BlackElo "1945"]

1.e4 d6 2.d4 Nf6 3.Nc3 e5 4.dxe5 dxe5 5.Bd3 c6 6.Nf3 Bg4 7.O-O Nbd7 8.Bc4 Be7
9.h3 Bh5 10.Be2 O-O 11.Bg5 Bg6 12.Bd3 Qc7 13.Bh4 Rad8 14.Bg3 Bb4 15.Qe2 Rfe8
16.Nd2 Nh5 17.Bh2 Nf4 18.Bxf4 exf4 19.f3 Bc5+ 20.Kh1 Ne5 21.Nb3 Nxd3 22.cxd3 Bd4
23.Nxd4 Rxd4 24.Rfd1 Qe5 25.Qf2 Red8 26.Ne2 Rxd3 27.Rxd3 Rxd3 28.Qxa7 h6
29.Qxb7 Rd2 30.Nc3 Qg5 31.Qc8+ Kh7 32.Qg4 Qe5 33.Qh4 Rxb2 34.Qe1 Qg5 35.Ne2 Bh5
36.a4 Qe5 37.Qc3 Qb8 38.Nxf4 Rb3 39.Qd2 Qe5 40.Rc1 Rb2 41.Qe3 Qg5 42.Rc5 Qg3
43.Qc1 Rf2 44.Rxh5 g5 45.Qg1 gxf4 46.Rc5 Rxf3 47.Rxc6 Re3 48.Rc1 Rxe4 49.a5 Re2
50.Rf1 Ra2 51.Rxf4 Qg7 52.Qb1+  1-0

[Event "TCh-AUT 2nd West 2013-14"]
[Site "Austria AUT"]
[Date "2013.10.19"]
[Round "2.4"]
[White "Sandholzer,R"]
[Black "Pogan,N"]
[Result "1/2-1/2"]
[WhiteElo "2153"]
[BlackElo "2274"]

1.e4 d6 2.d4 Nf6 3.Nc3 e5 4.Nf3 Nbd7 5.Bc4 Be7 6.O-O O-O 7.Re1 a6 8.a4 b6
9.h3 c6 10.Be3 Bb7 11.Ba2 b5 12.axb5 axb5 13.b4 exd4 14.Nxd4 d5 15.exd5 Bxb4
16.dxc6 Bxc3 17.cxb7 Ra4 18.Nxb5 Bxa1 19.Qxa1 Qa5 20.Nc3 Ra3 21.Bd2 Qa6 22.Qb2 Rb8
23.Rb1 Ra5 24.Bf4 Ne5 25.Qb3 Nfd7 26.Bxe5 Nxe5 27.f4 Ra3 28.Qd5 Ra5 29.Qb3 Ra3
30.Qd5 Ra5 31.Qb3  1/2-1/2

[Event "TCh-AUT 2nd West 2013-14"]
[Site "Austria AUT"]
[Date "2013.10.19"]
[Round "2.3"]
[White "Pitl,G"]
[Black "Biti,O"]
[Result "1-0"]
[WhiteElo "2394"]
[BlackElo "2376"]

1.e4 d6 2.d4 Nf6 3.Nc3 e5 4.Nf3 Nbd7 5.g4 Nxg4 6.Rg1 Ngf6 7.Be3 c6 8.Qd2 b5
9.O-O-O Qa5 10.dxe5 dxe5 11.Kb1 b4 12.Na4 h6 13.Bc4 Ba6 14.Bxa6 Qxa6 15.b3 g6
16.Rge1 Be7 17.Bxh6 O-O-O 18.Bg5 Nb6 19.Nxb6+ axb6 20.Qc1 Qb5 21.h4 Rhe8
22.Nd2 Ng4 23.Bxe7 Rxe7 24.Nc4 Red7 25.Rxd7 Rxd7 26.Rd1 f5 27.Rxd7 Kxd7 28.f3  1-0

[Event "TCh-AUT 2nd West 2013-14"]
[Site "Austria AUT"]
[Date "2013.10.19"]
[Round "2.4"]
[White "Gruber,Mic"]
[Black "Levushkina,E"]
[Result "1-0"]
[WhiteElo "2194"]
[BlackElo "2303"]

1.e4 d6 2.d4 Nf6 3.Nc3 e5 4.dxe5 dxe5 5.Qxd8+ Kxd8 6.Bg5 c6 7.O-O-O+ Ke8
8.Nf3 Nbd7 9.a3 Bc5 10.Rd2 Bb6 11.Bc4 Bc7 12.Rhd1 Nf8 13.Nh4 Be6 14.Nf5 Bxf5
15.exf5 h6 16.Bxf6 gxf6 17.Ne4 Ke7 18.Nc5 Rd8 19.Rxd8 Bxd8 20.Nxb7 Bc7 21.Nc5 Rg8
22.g3 Rg5 23.Bd3 Bb6 24.h4 Rg8 25.Ne4 Nd7 26.b4 a5 27.Bc4 axb4 28.Rxd7+ Kxd7
29.Nxf6+ Kd6 30.Nxg8 Bxf2 31.axb4 Bxg3 32.h5 e4 33.Bxf7 Ke5 34.f6  1-0

[Event "TCh-Belgrade Premier liga 2013"]
[Site "Belgrade SRB"]
[Date "2013.10.19"]
[Round "8.4"]
[White "Podinic,B"]
[Black "Ravic,N"]
[Result "1-0"]
[WhiteElo "2304"]
[BlackElo "2308"]

1.e4 d6 2.d4 Nf6 3.Nc3 e5 4.Nf3 exd4 5.Nxd4 Be7 6.Bc4 O-O 7.O-O c6 8.a4 a5
9.Bf4 Re8 10.Re1 Bf8 11.h3 Nbd7 12.Nf3 Nb6 13.Bb3 Be6 14.Bxe6 Rxe6 15.Qd3 d5
16.e5 Nfd7 17.Ng5 Rg6 18.Qf5 Qe8 19.e6 fxe6 20.Rxe6 Rxg5 21.Bxg5 Qf7 22.Qxf7+ Kxf7
23.Re2 Nc5 24.Be3 Rd8 25.Bd4 Nbd7 26.f4 Ne6 27.Be5 Bc5+ 28.Kh2 Nxe5 29.fxe5 Ke7
30.Rf1 Bd4 31.Nd1 g6 32.c3 Bb6 33.Ne3 Bc7 34.g3 Rf8 35.Rxf8 Nxf8 36.Ng4 Nd7
37.Nf6 Nxf6 38.exf6+ Kxf6 39.Re8 Be5 40.Ra8 d4 41.cxd4 Bxd4 42.Rxa5 Bxb2
43.Ra7 b6 44.Rc7 Bd4 45.Rxc6+ Kf5 46.Kg2 Ke4 47.Rc7 h5 48.Rc6 Kf5 49.Kf3 Bg1
50.Rd6 Bc5 51.Rd5+ Ke6 52.Rg5 Kf6 53.Rxc5  1-0

[Event "Xtracon GM 2013"]
[Site "Koge DEN"]
[Date "2013.10.19"]
[Round "8.4"]
[White "Hagen,Andr"]
[Black "Danielsen,Hen"]
[Result "1/2-1/2"]
[WhiteElo "2421"]
[BlackElo "2501"]

1.e4 d6 2.d4 Nf6 3.Nc3 e5 4.Nf3 Nbd7 5.g4 Nxg4 6.Rg1 Ngf6 7.Be3 c6 8.Qd2 Qa5
9.O-O-O b5 10.dxe5 dxe5 11.Kb1 b4 12.Na4 Nxe4 13.Qd3 Ndc5 14.Bxc5 Nxc5 15.Nxc5 Bxc5
16.Nxe5 Be6 17.Nc4 Qc7 18.Rxg7 Rd8 19.Qxd8+ Qxd8 20.Rxd8+ Kxd8 21.Ne5 Ke7
22.Nxc6+ Kf6 23.Rg3 Bd5 24.Bg2 Re8 25.Kc1 Bxg2 26.Rxg2 Re6 27.Na5 Re2  1/2-1/2

[Event "Xtracon GM 2013"]
[Site "Koge DEN"]
[Date "2013.10.19"]
[Round "8.32"]
[White "Petersen,Henry"]
[Black "Stuhr,Peter Sebastian"]
[Result "0-1"]
[WhiteElo "1405"]
[BlackElo "1939"]

1.e4 d6 2.d4 Nf6 3.Nc3 Nbd7 4.f4 e5 5.Nf3 exd4 6.Nxd4 c6 7.Be3 Nc5 8.Bd3 Qb6
9.Nb3 Nxd3+ 10.Qxd3 Qc7 11.O-O-O Ng4 12.h3 Nxe3 13.Qxe3 Be7 14.g4 h6 15.Rdg1 Be6
16.Nd4 Bd7 17.Nf5 Bxf5 18.exf5 O-O-O 19.Qxa7 d5 20.Qf2 Bd6 21.h4 Bxf4+ 22.Kb1 d4
23.Nd1 Rhe8 24.Qf3 Rd5 25.Re1 Rxe1 26.Rxe1 Re5 27.Rxe5 Qxe5 28.a3 Kc7 29.Nf2 Qe3
30.Qxe3 dxe3 31.Nd3 e2 32.c3 Bd2 33.Kc2 e1=Q 34.Nxe1 Bxe1 35.h5 Kd6 36.Kd3 Ke5
37.Ke3 Bg3 38.Kf3 Bf4 39.b3 Bc1 40.a4 Ba3 41.Ke3 Bb2 42.c4 c5  0-1

[Event "TCh-AUT 2nd West 2013-14"]
[Site "Austria AUT"]
[Date "2013.10.20"]
[Round "3.2"]
[White "Riediger,M"]
[Black "Krstic,U"]
[Result "1/2-1/2"]
[WhiteElo "2268"]
[BlackElo "2445"]

1.e4 d6 2.d4 Nf6 3.Nc3 e5 4.Nge2 Be7 5.g3 Bg4 6.Bg2 exd4 7.Qxd4 Nc6 8.Qd1 O-O
9.h3 Bd7 10.Nf4 Re8 11.O-O Bf8 12.Nd3 h6 13.Re1 a5 14.f4 Rb8 15.a4 Nb4 16.Be3 c5
17.Nf2 Bc6 18.Nd5 Nfxd5 19.exd5 Bd7 20.c3 Na6 21.Bf1 Qc7 22.Qd3 Re7 23.Bd2 Rxe1
24.Bxe1 Qb6 25.Qc2 Re8 26.Bd2 Nc7 27.Bc4 Qa7 28.Re1 Qa8 29.Rxe8 Qxe8 30.b3 b6
31.Qd3 Qc8 32.Kh2 Bf5 33.Qf3 Qa8 34.Kg2 Bc8 35.Ng4 Bb7 36.Ne3 Be7 37.Kf2 Bf6
38.h4 Kf8 39.Qe4 h5 40.Be1 g6 41.Bd2 Bg7 42.f5 Qd8 43.Bd3 Qf6 44.c4 Ne8 45.Ke2 gxf5
46.Nxf5 Bc8 47.Nxg7 Bg4+ 48.Ke1 Nxg7 49.Qf4 Nf5 50.Bxf5 Bxf5 51.Qh6+ Qxh6  1/2-1/2

[Event "TCh-CZE Zapad 2013-14"]
[Site "Czech Rep CZE"]
[Date "2013.10.20"]
[Round "1.7"]
[White "Jelinek,Michal"]
[Black "Marsalek,Z"]
[Result "0-1"]
[WhiteElo "1849"]
[BlackElo "2267"]

1.e4 d6 2.d4 Nf6 3.Nc3 e5 4.Nf3 Nbd7 5.Bc4 Be7 6.O-O O-O 7.Re1 c6 8.a4 b6
9.Bg5 a6 10.Bxf6 Bxf6 11.d5 c5 12.Be2 g6 13.Nd2 Bg7 14.Nc4 Qc7 15.Qd2 Rb8
16.b3 f5 17.f3 Nf6 18.Bf1 Kh8 19.a5 b5 20.Nb6 Bb7 21.Nd1 Nd7 22.Nxd7 Qxd7
23.Nf2 Qd8 24.Nh3 Bf6 25.c4 b4 26.Ra2 Bc8 27.Nf2 Bg5 28.Qd3 Rb7 29.g3 Rbf7
30.Bg2 Qf6 31.Rf1 Qg7 32.Re2 h5 33.h3 Qh6 34.Kh2 Bd8 35.Ra2 Kg7 36.Raa1 Bg5
37.Ra2 Be3 38.Kg1 fxe4 39.fxe4 Qg5 40.Re2 Bd4 41.h4 Qd8 42.Ra2 g5 43.hxg5 Qxg5
44.Bh1 Bg4 45.Bg2 h4 46.gxh4 Qxh4 47.Qd2 Rh8  0-1

[Event "TCh-CZE Vychod 2013-14"]
[Site "Czech Rep CZE"]
[Date "2013.10.20"]
[Round "1.8"]
[White "Kanakova,Natalie"]
[Black "Zpevakova,J"]
[Result "1-0"]
[WhiteElo "1909"]
[BlackElo "1952"]

1.e4 d6 2.d4 Nf6 3.Nc3 c6 4.Be3 Qa5 5.f3 e5 6.Ne2 Be7 7.Qd2 Be6 8.Ng3 h6
9.Be2 Nh7 10.O-O O-O 11.f4 exf4 12.Bxf4 d5 13.Nxd5 Bd8 14.Ne7+ Kh8 15.b4 Qb6
16.Nef5 Bg5 17.Kh1 Rd8 18.c3 Nd7 19.Bxg5 hxg5 20.Nd6 f6 21.c4 Qc7 22.c5 Ndf8
23.d5 Bg8 24.Bf3 Ng6 25.Ndf5 Ne5 26.d6 Qd7 27.Qc3 b6 28.Ne7 Bf7 29.Ngf5 Rab8
30.Nd4 bxc5 31.bxc5 Rb7 32.Bd1 Rdb8 33.Ba4 Qg4 34.Nexc6 Rb2 35.Bc2 Nxc6 36.Nxc6 R8b7
37.Nd8 Rb8 38.Nxf7+ Kg8 39.Qc4 Qh5 40.Nxg5+ Kh8 41.Nf7+ Kg8 42.Nd8+ Kh8 43.Nc6 Rc8
44.d7  1-0

[Event "17th Unive Open 2013"]
[Site "Hoogeveen NED"]
[Date "2013.10.20"]
[Round "3.16"]
[White "Vistisen,L"]
[Black "Van Wessel,R"]
[Result "0-1"]
[WhiteElo "2163"]
[BlackElo "2388"]

1.e4 d6 2.d4 Nf6 3.Nc3 Nbd7 4.g4 h6 5.f4 e5 6.dxe5 dxe5 7.g5 hxg5 8.fxg5 Nh5
9.Bc4 Bb4 10.Qf3 Qe7 11.Ne2 Nb6 12.Bb3 Be6 13.Bd2 Nc4 14.Bxc4 Bxc4 15.O-O-O O-O-O
16.Be3 c6 17.Bxa7 Qxg5+ 18.Kb1 Rxd1+ 19.Rxd1 Nf4 20.Na4 Be6 21.Nb6+ Kc7 22.Qb3 Qe7
23.Qf3 Nxe2 24.Qxe2 Rd8 25.c3 Bc5 26.Rxd8 Qxd8 27.Nd5+ Bxd5 28.Bxc5 Bxe4+
29.Kc1 Qd5 30.Be7 f5 31.c4 Qd4 32.c5 Kd7 33.Bd6 Ke6 34.h4 Qd3 35.Qxd3 Bxd3
36.Kd2 Bc4 37.a4 Bb3 38.a5 g6 39.Kc3 Bd5 40.b4 f4 41.Kd2 Kf5 42.Be7 e4 43.Bg5 e3+
44.Kd3 Bc4+  0-1

[Event "17th Unive Open 2013"]
[Site "Hoogeveen NED"]
[Date "2013.10.21"]
[Round "4.12"]
[White "Kerigan,D"]
[Black "Schroeder,Ja"]
[Result "1/2-1/2"]
[WhiteElo "2288"]
[BlackElo "2370"]

1.e4 d6 2.d4 Nf6 3.Nc3 e5 4.Nf3 Nbd7 5.g4 h6 6.Rg1 c6 7.Be3 Qa5 8.Qd3 exd4
9.Bxd4 Ne5 10.Bxe5 dxe5 11.g5 hxg5 12.Rxg5 Rh5 13.O-O-O Be6 14.a3 g6 15.Kb1 Be7
16.Qd2 Rd8 17.Bd3 Bg4 18.Rxh5 Nxh5 19.Qe3 Nf4 20.Bc4 Rxd1+ 21.Nxd1 f6 22.Qb3 Qb6
23.Qc3 Qd8 24.Kc1 Qd7 25.Nd2 Bc5 26.Ne3 Bd4 27.Nxg4 Qxg4 28.Qg3 Qh3 29.Nf3 Bc5
30.b4 Bf8 31.Nh4 b5 32.Qxh3 Nxh3 33.Bf1 Nf4 34.Kb2 Kd7 35.Kb3 Kc7 36.c4 Kb6
37.Kc3 Bh6 38.c5+ Kc7 39.Bd3 a5 40.Bb1 a4 41.Ba2 Bg5 42.Nf3 Kd7 43.Nxg5 fxg5
44.Kd2 Ke7 45.f3 Ke8 46.Ke3 Kf8 47.Kd2 Ke7 48.Ke3 Nh5 49.Bb1 Kf6 50.Ba2 Ng7
51.Kf2 Nh5 52.Ke3 Ke7 53.Bb1 Nf6 54.Ba2 Ne8 55.Kf2 Nc7 56.Bg8 Kf8 57.Ba2 Kg7
58.Kg3 Kf6 59.Kf2 Ne8 60.Ke3 Ng7 61.Kf2 Nh5 62.Ke3 Nf4 63.Bg8  1/2-1/2

[Event "29th ECC Open 2013"]
[Site "Rhodes GRE"]
[Date "2013.10.21"]
[Round "2.4"]
[White "Sigurjonsson,St"]
[Black "Chapman,T"]
[Result "0-1"]
[WhiteElo "2104"]
[BlackElo "2331"]

1.e4 d6 2.d4 Nf6 3.Nc3 c6 4.h3 Nbd7 5.Nf3 e5 6.dxe5 dxe5 7.Bc4 Bb4 8.O-O O-O
9.Qe2 b5 10.Bb3 a6 11.Bg5 h6 12.Bh4 Qe7 13.a3 Bxc3 14.bxc3 Qc5 15.Qd3 Nh5
16.Kh2 Nf4 17.Qe3 g5 18.Bg3 Qe7 19.Bxf4 gxf4 20.Qe2 Nc5 21.Rfd1 a5 22.Rd2 Ba6
23.Rad1 b4 24.Bc4 bxa3 25.Bxa6 Rxa6 26.Qc4 a2 27.Qxa2 Nxe4 28.Rd7 Qc5 29.Rxf7 Rxf7
30.Rd7 Qf8 31.Nxe5 Ng5 32.Qc4 Ra8 33.Nxc6 Kh8 34.Qd4+ Qg7  0-1

[Event "29th ECC Open 2013"]
[Site "Rhodes GRE"]
[Date "2013.10.21"]
[Round "2.3"]
[White "Michalczak,T"]
[Black "Kuipers,S"]
[Result "0-1"]
[WhiteElo "2305"]
[BlackElo "2411"]

1.e4 d6 2.d4 Nf6 3.Nc3 e5 4.Nf3 Nbd7 5.Bc4 Be7 6.O-O O-O 7.a4 a6 8.Re1 b6
9.dxe5 dxe5 10.Nd5 Bb7 11.Nxe7+ Qxe7 12.Bd5 c6 13.Bc4 b5 14.Bd3 Ne8 15.c3 Nd6
16.Be3 Rad8 17.Qe2 Ne8 18.b4 Nc7 19.Reb1 bxa4 20.c4 c5 21.Rxa4 cxb4 22.Raxb4 Bc6
23.Bg5 f6 24.Bd2 Ne6 25.R4b2 Ndc5 26.Bc2 Qc7 27.Ra2 Rb8 28.Rxb8 Qxb8 29.Qe3 Qb7
30.Qa3 Rb8 31.h3 Bxe4 32.Bd1 Rd8 33.Rb2 Qc6 34.Qa5 Rd6 35.Rb8+ Kf7 36.Be2 Nb7
37.Qb4 Qc7 38.Rh8 a5 39.Qa4 Rd8 40.Rxd8 Qxd8 41.Qb5 Qc7 42.Bc3 Nec5 43.Nd2 Bc6
44.Qb1 g6 45.h4 Nd6 46.h5 Nde4 47.hxg6+ hxg6 48.Nxe4 Nxe4 49.Be1 Nc5 50.Qa1 a4
51.Qa3 Ne6 52.Bb4 Nf4 53.Bf1 Qd7 54.Bf8 Ne6 55.Bd6 Nd4 56.f3 Nc2 57.Qd3 a3
58.c5 a2 59.Qb3+ Qe6 60.Bc4 a1=Q+ 61.Kh2 Nd4 62.Qb8 Qxc4 63.Qf8+ Ke6 64.Qg8+ Kf5
65.Qxc4 Qe1 66.Qd3+ Kg5 67.f4+ exf4 68.Bxf4+ Kxf4 69.Qxd4+ Kg5  0-1

[Event "29th ECC Open 2013"]
[Site "Rhodes GRE"]
[Date "2013.10.21"]
[Round "2.5"]
[White "Mamedov,Rau"]
[Black "Broekmeulen,Ja"]
[Result "1/2-1/2"]
[WhiteElo "2641"]
[BlackElo "2435"]

1.e4 d6 2.d4 Nf6 3.Nc3 e5 4.Nf3 Nbd7 5.Bc4 Be7 6.O-O O-O 7.a4 c6 8.Ba2 exd4
9.Nxd4 Re8 10.Re1 Ne5 11.h3 Bd7 12.Be3 Qa5 13.Rb1 Rad8 14.b4 Qc7 15.Qe2 a6
16.f4 Ng6 17.Qc4 Rf8 18.Qf1 b5 19.axb5 axb5 20.g4 Ra8 21.f5 Ne5 22.Qg2 h6
23.Kh1 Nh7 24.Bb3 Nc4 25.Bf4 Qa7 26.Nf3 d5 27.Bxc4 bxc4 28.exd5 Bf6 29.Ne5 cxd5
30.Nxd5 Bxe5 31.Rxe5 Kh8 32.Re7 Qa2 33.Nc3 Qa3 34.Rxd7 Qxc3 35.Rxf7 Ra2 36.Rxf8+ Nxf8
37.Rc1 Qxb4 38.f6 Ng6 39.fxg7+ Kxg7 40.Be3 Qd6 41.Qe4 Qe7 42.Bd4+ Kh7 43.Qd5 Ra5
44.Qf3 Nh4 45.Bf6 Nxf3 46.Bxe7 Re5 47.Kg2 Nd4 48.Bf6 Re2+ 49.Kf1 Rxc2 50.Rxc2 Nxc2  1/2-1/2

[Event "TCh-Belgrade Premier liga 2013"]
[Site "Belgrade SRB"]
[Date "2013.10.22"]
[Round "11.5"]
[White "Ravic,N"]
[Black "Skare,G"]
[Result "1/2-1/2"]
[WhiteElo "2308"]
[BlackElo "2323"]

1.e4 d6 2.d4 Nf6 3.Nc3 e5 4.Nf3 Nbd7 5.Bc4 Be7 6.O-O O-O 7.Re1 c6 8.a4 Qc7
9.h3 b6 10.Ba2 a6 11.Be3 Rb8 12.Qd3 b5 13.axb5 axb5 14.b4 Bb7 15.Nh4 g6 16.Bh6 Rfe8
17.Nf3 Bf8 18.Bxf8 Rxf8 19.Rad1 h6 20.dxe5 dxe5 21.Nh4 Kg7 22.Qd6 Qxd6 23.Rxd6 Rbe8
24.Nf3 Kh7 25.Nd2 Re7 26.Nb3 Rc8 27.f3 Rc7 28.Red1 Ne8 29.R6d2 Nef6 30.Kf2 Ba8
31.g4 Bb7 32.h4 Ba8 33.Ke3 Bb7 34.Rh1 Nb8  1/2-1/2